[Event "CHN-chB"]
[Site "Zhongshan"]
[Date "2015.07.19"]
[Round "6"]
[White "Huang, Mingqi"]
[Black "Zeng, Chongsheng"]
[Result "1/2-1/2"]
[WhiteElo "2190"]
[BlackElo "2522"]
[PlyCount "99"]
[EventDate "2015.07.17"]
[EventType "swiss"]
[EventRounds "11"]
[EventCountry "CHN"]
[SourceTitle "CBM 167 Extra"]
[Source "ChessBase"]
[SourceDate "2015.09.14"]
[SourceVersion "1"]
[SourceVersionDate "2015.09.14"]
[SourceQuality "1"]

1. c4 Nf6 2. Nc3 d5 3. d4 g6 4. Nf3 Bg7 5. e3 0-0 6. cxd5 Nxd5 7. Bc4 Nb6 8. Bb3 c5 9. dxc5 N6d7 10. Ne4 Na6 11. c6 bxc6 12. Qe2 Nac5 13. Nxc5 Nxc5 14. Bc4 a5 15. 0-0 Qb6 16. e4 a4 17. Be3 Qa5 18. Bd4 Bg4 19. Qe3 Ne6 20. Bxe6 Bxe6 21. Bxg7 Kxg7 22. Nd4 Bd7 23. Rac1 Qb4 24. a3 Qxb2 25. Rb1 Qa2 26. Qc3 f6 27. Rb7 Rad8 28. Nxc6 Bxc6 29. Rxe7+ Rf7 30. Rxf7+ Qxf7 31. Qxc6 Qd7 32. Qc5 Qd6 33. Qa7+ Qd7 34. Qa5 Qd4 35. Qc7+ Rd7 36. Qc6 Re7 37. Re1 f5 38. e5 Rxe5 39. Qc7+ Kf6 40. Qc6+ Kg5 41. h4+ Kh6 42. Rxe5 Qxe5 43. Qxa4 Qe1+ 44. Kh2 Qxf2 45. Qb3 Qd4 46. Qg3 Kg7 47. Qc7+ Kh6 48. Qg3 Qe4 49. Qf3 Qe5+ 50. Qg3 1/2-1/2